Biggest Cities in France on a Map - Statistics

General Stats
  • This quiz has been taken 930 times
  • The average score is 12 of 15
Answers on the Map
Answers color-coded by a green-red scale on the quiz's map according to % correct below.
 
Answer Stats
Population City % Correct
2,175,601 Paris
100%
518,635 Lyon
97%
868,277 Marseille
97%
341,032 Nice
95%
257,068 Bordeaux
93%
486,828 Toulouse
90%
233,098 Lille
89%
284,677 Strasbourg
89%
314,138 Nantes
85%
290,053 Montpellier
77%
217,728 Rennes
70%
169,733 Le Havre
64%
182,211 Reims
57%
176,198 Toulon
56%
173,089 Saint-Étienne
53%
No matching quizzes found
Score Distribution
Percent of People with Each Score
Percentile by Number Answered
Your Score History
You have not taken this quiz